000 00596nam a22001937a 4500
005 20251108172733.0
008 250721s1990 xx 000 0 ara d
082 1 4 _a320.9565/خور
100 1 _aخوري، طارق
_eمؤلف
245 1 0 _aمستقبل الأردن :
_bالديموقراطية-الهوية-التحديات /
264 1 _aعمان :
_c1990.
300 _a134ص.
650 1 7 _aالظروف السياسية
650 1 7 _aتاريخ الأردن
650 1 7 _aالتاريخ السياسي
650 1 7 _aالديموقراطية
942 _2ddc
_cBK
999 _c87245
_d87245